{"text_format":"1","workbook":"xlsx","n_sheets":3,"sheets":["Formato","Instructivo de Diligenciamiento","Listas"],"not_rendered":{"charts":0,"images":3,"macros":1,"external_links":0,"defined_names":3,"comments":1,"pivot_tables":0},"unopened":[],"bounds":{"document_bytes":16777216,"sheet_cells":100000,"rows_first":2000,"rows_last":500,"rows_between":2000,"halvings":0,"cell_chars":16384,"cell_head_chars":4096},"cells_cut":0,"cells_raw":0,"read":"whole","date_system":"1900"}

{"sheet":"Formato","index":0,"n_rows":108,"n_cols":17,"rows_kept":108,"cut":false,"hidden":false,"merged":[[66,2,66,3],[66,8,66,9],[66,10,66,11],[66,16,66,17],[64,2,64,3],[64,8,64,9],[64,10,64,11],[64,16,64,17],[65,2,65,3],[65,8,65,9],[65,10,65,11],[65,16,65,17],[62,2,62,3],[62,8,62,9],[62,10,62,11],[62,16,62,17],[63,2,63,3],[63,8,63,9],[63,10,63,11],[63,16,63,17],[60,2,60,3],[60,8,60,9],[60,10,60,11],[60,16,60,17],[61,2,61,3],[61,8,61,9],[61,10,61,11],[61,16,61,17],[58,2,58,3],[58,8,58,9],[58,10,58,11],[58,16,58,17],[59,2,59,3],[59,8,59,9],[59,10,59,11],[59,16,59,17],[56,2,56,3],[56,8,56,9],[56,10,56,11],[56,16,56,17],[57,2,57,3],[57,8,57,9],[57,10,57,11],[57,16,57,17],[54,2,54,3],[54,8,54,9],[54,10,54,11],[54,16,54,17],[55,2,55,3],[55,8,55,9],[55,10,55,11],[55,16,55,17],[52,2,52,3],[52,8,52,9],[52,10,52,11],[52,16,52,17],[53,2,53,3],[53,8,53,9],[53,10,53,11],[53,16,53,17],[50,2,50,3],[50,8,50,9],[50,10,50,11],[50,16,50,17],[51,2,51,3],[51,8,51,9],[51,10,51,11],[51,16,51,17],[48,2,48,3],[48,8,48,9],[48,10,48,11],[48,16,48,17],[49,2,49,3],[49,8,49,9],[49,10,49,11],[49,16,49,17],[46,2,46,3],[46,8,46,9],[46,10,46,11],[46,16,46,17],[47,2,47,3],[47,8,47,9],[47,10,47,11],[47,16,47,17],[44,2,44,3],[44,8,44,9],[44,10,44,11],[44,16,44,17],[45,2,45,3],[45,8,45,9],[45,10,45,11],[45,16,45,17],[42,10,42,11],[42,16,42,17],[43,2,43,3],[43,8,43,9],[43,10,43,11],[43,16,43,17],[106,10,107,14],[106,1,106,3],[106,6,106,8],[107,1,107,3],[107,4,107,5],[107,6,107,8],[94,0,94,17],[98,1,98,4],[98,5,98,7],[98,8,98,11],[99,1,99,4],[99,5,99,7],[99,8,99,11],[96,1,96,4],[96,5,96,7],[96,8,96,11],[97,1,97,4],[97,5,97,7],[97,8,97,11],[101,1,101,3],[101,11,103,13],[104,11,104,13],[104,1,104,3],[104,6,104,8],[39,16,39,17],[91,6,91,7],[91,8,91,9],[39,10,39,11],[39,2,39,3],[39,8,39,9],[40,2,40,3],[40,8,40,9],[40,10,40,11],[40,16,40,17],[41,2,41,3],[41,8,41,9],[41,10,41,11],[41,16,41,17],[42,2,42,3],[42,8,42,9],[67,2,67,3],[67,8,67,9],[38,2,38,3],[38,16,38,17],[38,10,38,11],[37,10,37,17],[31,6,31,8],[31,11,31,13],[37,1,37,9],[31,1,31,2],[31,4,31,5],[31,9,31,10],[35,0,35,17],[37,0,38,0],[38,8,38,9],[29,9,29,10],[21,1,21,13],[7,3,7,9],[9,1,9,2],[9,3,9,7],[7,12,7,13],[23,1,23,2],[23,4,23,8],[19,1,19,13],[29,1,29,2],[29,11,29,13],[17,1,17,13],[29,4,29,8],[15,1,15,2],[13,1,13,13],[27,1,27,2],[4,4,5,5],[27,6,27,8],[27,9,27,10],[27,11,27,13],[15,3,15,7],[27,4,27,5],[1,1,1,13],[7,1,7,2],[11,1,11,2],[23,9,23,13],[25,1,25,2],[25,4,25,5],[25,6,25,8],[25,9,25,10],[25,11,25,13],[11,3,11,9],[9,10,9,11],[9,12,9,13],[2,1,2,13],[4,1,5,3],[4,10,5,11],[4,7,5,9],[67,10,67,11],[67,16,67,17],[68,2,68,3],[68,8,68,9],[68,10,68,11],[68,16,68,17],[69,2,69,3],[69,8,69,9],[69,10,69,11],[69,16,69,17],[70,2,70,3],[70,8,70,9],[70,10,70,11],[70,16,70,17],[71,2,71,3],[71,8,71,9],[71,10,71,11],[71,16,71,17],[72,2,72,3],[72,8,72,9],[72,10,72,11],[72,16,72,17],[73,2,73,3],[73,8,73,9],[73,10,73,11],[73,16,73,17],[74,2,74,3],[74,8,74,9],[74,10,74,11],[74,16,74,17],[75,2,75,3],[75,8,75,9],[75,10,75,11],[75,16,75,17],[76,2,76,3],[76,8,76,9],[76,10,76,11],[76,16,76,17],[77,2,77,3],[77,8,77,9],[77,10,77,11],[77,16,77,17],[78,2,78,3],[78,8,78,9],[78,10,78,11],[78,16,78,17],[79,2,79,3],[79,8,79,9],[79,10,79,11],[79,16,79,17],[80,2,80,3],[80,8,80,9],[80,10,80,11],[80,16,80,17],[81,2,81,3],[81,8,81,9],[81,10,81,11],[81,16,81,17],[82,2,82,3],[82,8,82,9],[82,10,82,11],[82,16,82,17],[83,2,83,3],[83,8,83,9],[83,10,83,11],[83,16,83,17],[84,2,84,3],[84,8,84,9],[84,10,84,11],[84,16,84,17],[88,2,88,3],[88,8,88,9],[88,10,88,11],[88,16,88,17],[89,2,89,3],[89,8,89,9],[89,10,89,11],[89,16,89,17],[85,2,85,3],[85,8,85,9],[85,10,85,11],[85,16,85,17],[86,2,86,3],[86,8,86,9],[86,10,86,11],[86,16,86,17],[87,2,87,3],[87,8,87,9],[87,10,87,11],[87,16,87,17]]}
[]
[null,"FORMATO PARA MODIFICACIÓN DE ÓRDENES DE COMPRA"]
[null,"Tienda Virtual del Estado Colombiano"]
[]
[null,"Número de Orden de Compra a modificar:",null,null,6243,null,null,"Número de modificación de la Orden de Compra:",null,null,2]
[]
[]
[null,"Entidad Compradora:",null,"INSTITUTO NACIONAL DE VIGILANCIA DE MEDICAMENTOS Y ALIMENTOS-INVIMA ",null,null,null,null,null,null,null,"NIT:","830.000.167-2"]
[]
[null,"Nombre del solicitante:",null,"JESUS ALBERTO NAMEN CHAVARRO",null,null,null,null,null,null,"Teléfono de contacto:",null,2948700]
[]
[null,"Proveedor :",null,"LEVEL 3 COLOMBIA S.A."]
[]
[null,"Sección 1: Tipo de acción"]
[]
[null,"Tipo",null,"Modificación de la Orden de Compra"]
[]
[null,"Sección 2: Justificación de la modificación o de las acciones a realizar"]
[]
[null,"El invima suscribio un contrato con LEVEL 3 COLOMBIA S.A cuyo objeto es la prestacion de servicios de conectividad para todas las sedes del INVIMA.\n\nTeniendo en cuenta que la entidad debe garantizar el servicio de internet y de MPLS para poder soportar la operacion de todas y cada una de las sedes del Instituto se requiere adicionar el contrato hasta el 30 de Mayo de 2017. Esta adicion sera soportada por las vigencias futuras que ya fueron aprobadas por el Ministerio de Hacienda.\n\nPara el 2016 se soportará bajo el CDP N° 4316; respecto a la 2017 se soportara bajo el articulo 2.8.1.7.1.1 del decreto 1068 del 26 de mayo de 2015 y con el documento que avala comprometer las Vigencias Futuras Ordinarias para gastos de funcionamiento bajo el radicado N° 2-2016-036857 del 4 de Octubre."]
[]
[null,"Sección 3:  Modificación información general"]
[]
[null,"Nombre del campo",null,"¿Requiere modificación Si/No?","Datos actuales",null,null,null,null,"Nuevos datos"]
[]
[null,"Actualizar supervisor",null,"NO","Nombre del supervisor actual",null,0,null,null,"Nombre nuevo supervisor"]
[]
[null,"Dirección y/o teléfono Supervisor",null,"NO","Teléfono actual supervisor",null,0,null,null,"Teléfono nuevo supervisor"]
[]
[null,"Fecha de vencimiento",null,"Ampliar fecha","   La fecha vencimiento actual se tomará de la TVEC al momento del cambio",null,null,null,null,"Nueva fecha de vencimiento",null,"2017-05-30"]
[]
[null,"Dirección y/o teléfono Entidad",null,"SI","Dirección / teléfono actual Entidad",null,0,null,null,"Nueva dirección / teléfono Entidad",null,2948700]
[]
[]
[]
["Sección 4: Modificación de artículos y servicios"]
[]
["Tipo de modificación","Información actual",null,null,null,null,null,null,null,null,"Nueva información"]
[null,"Número de la línea según O.C.","Nombre del artículo",null,"Cantidad","Unidad de medida","Precio unitario","Total","Información presupuestal",null,"Nombre del artículo",null,"Cantidad","Unidad de medida","Precio unitario","Total","Información presupuestal"]
["Modificación de artículo o servicio",1,"1.8 - Enlace dedicado Internet 256Mbps - Platino - Tipo 1 - 11 Mes",null,11,"mes",1150000,{"$f":"ROUND(E40*G40, 2)","v":12650000},4316,null,"1.8 - Enlace dedicado Internet 256Mbps - Platino - Tipo 1 - 11 Mes",null,16,"mes",1150000,{"$f":"ROUND(M40*O40, 2)","v":18400000},4316]
["Modificación de artículo o servicio",2,"1.41 - Aumento de capacidad canal Internacional definitivo en 64 Mbps - ",null,11,"mes",610000,6710000,4316,null,{"$f":"C41","v":"1.41 - Aumento de capacidad canal Internacional definitivo en 64 Mbps - "},null,16,"mes",610000,9760000,4316]
["Modificación de artículo o servicio",3,"1.42 - Aumento de capacidad canal Internacional definitivo en 128 Mbps ",null,11,"mes",1400000,15400000,4316,null,"1.42 - Aumento de capacidad canal Internacional definitivo en 128 Mbps ",null,16,"mes",1400000,22400000,4316]
["Modificación de artículo o servicio",4,"1.8 - Enlace dedicado Internet 256Mbps - Platino - Tipo 1 - 11 Mes",null,11,"mes",512000,5632000,4316,null,"1.8 - Enlace dedicado Internet 256Mbps - Platino - Tipo 1 - 11 Mes",null,16,"mes",512000,8192000,4316]
["Modificación de artículo o servicio",5,"1.41 - Aumento de capacidad canal Internacional definitivo en 64 Mbps - Platino - Tipo 1 - 11 Mes",null,11,"mes",128000,1408000,4316,null,"1.41 - Aumento de capacidad canal Internacional definitivo en 64 Mbps - Platino - Tipo 1 - 11 Mes",null,16,"mes",128000,2048000,4316]
["Modificación de artículo o servicio",6,"1.42 - Aumento de capacidad canal Internacional definitivo en 128 Mbps - Platino - Tipo 1 - 11 Mes",null,11,"mes",256000,2816000,4316,null,"1.42 - Aumento de capacidad canal Internacional definitivo en 128 Mbps - Platino - Tipo 1 - 11 Mes",null,16,"mes",256000,4096000,4316]
["Modificación de artículo o servicio",7,"1.18 - Enlace dedicado 256Mbps - Platino - Tipo 1 - 11 Mes",null,11,"mes",1150000,12650000,4316,null,"1.18 - Enlace dedicado 256Mbps - Platino - Tipo 1 - 11 Mes",null,16,"mes",1150000,18400000,4316]
["Modificación de artículo o servicio",8,"1.18 - Enlace dedicado 256Mbps - Platino - Tipo 1 - 11 Me",null,11,"mes",512000,5632000,4316,null,"1.18 - Enlace dedicado 256Mbps - Platino - Tipo 1 - 11 Me",null,16,"mes",512000,8192000,4316]
["Modificación de artículo o servicio",9,"1.17 - Enlace dedicado 128Mbps - Platino - Tipo 1 - 11 Mes",null,11,"mes",1550000,17050000,4316,null,"1.17 - Enlace dedicado 128Mbps - Platino - Tipo 1 - 11 Mes",null,16,"mes",1550000,24800000,4316]
["Modificación de artículo o servicio",10,"1.17 - Enlace dedicado 128Mbps - Platino - Tipo 1 - 11 Mes",null,11,"mes",1500000,16500000,4316,null,"1.17 - Enlace dedicado 128Mbps - Platino - Tipo 1 - 11 Mes",null,16,"mes",1500000,24000000,4316]
["Modificación de artículo o servicio",11,"1.17 - Enlace dedicado 128Mbps - Platino - Tipo 1 - 11 Mes",null,11,"mes",700000,7700000,4316,null,"1.17 - Enlace dedicado 128Mbps - Platino - Tipo 1 - 11 Mes",null,16,"mes",700000,11200000,4316]
["Modificación de artículo o servicio",12,"1.8 - Enlace dedicado Internet 256Mbps - Platino - Tipo 1 - 11 Mes",null,11,"mes",1015000,11165000,4316,null,"1.8 - Enlace dedicado Internet 256Mbps - Platino - Tipo 1 - 11 Mes",null,16,"mes",1015000,16240000,4316]
["Modificación de artículo o servicio",13,"1.41 - Aumento de capacidad canal Internacional definitivo en 64 Mbps - Platino - Tipo 1 - 11 Mes",null,11,"mes",610000,6710000,4316,null,"1.41 - Aumento de capacidad canal Internacional definitivo en 64 Mbps - Platino - Tipo 1 - 11 Mes",null,16,"mes",610000,9760000,4316]
["Modificación de artículo o servicio",14,"1.42 - Aumento de capacidad canal Internacional definitivo en 128 Mbps - Platino - Tipo 1 - 11 Mes",null,11,"mes",1500000,16500000,4316,null,"1.42 - Aumento de capacidad canal Internacional definitivo en 128 Mbps - Platino - Tipo 1 - 11 Mes",null,16,"mes",1500000,24000000,4316]
["Modificación de artículo o servicio",15,"1.17 - Enlace dedicado 128Mbps - Platino - Tipo 1 - 11 Mes",null,11,"mes",1550000,17050000,4316,null,"1.17 - Enlace dedicado 128Mbps - Platino - Tipo 1 - 11 Mes",null,16,"mes",1550000,24800000,4316]
["Modificación de artículo o servicio",16,"1.13 - Enlace dedicado 20Mbps - Platino - Tipo 1 - 11 Mes",null,11,"mes",650000,7150000,4316,null,"1.13 - Enlace dedicado 20Mbps - Platino - Tipo 1 - 11 Mes",null,16,"mes",650000,10400000,4316]
["Modificación de artículo o servicio",17,"1.10 - Enlace dedicado 4Mbps - Platino - Tipo 1 - 11 Mes",null,11,"mes",675000,7425000,4316,null,"1.10 - Enlace dedicado 4Mbps - Platino - Tipo 1 - 11 Mes",null,16,"mes",675000,10800000,4316]
["Modificación de artículo o servicio",18,"1.13 - Enlace dedicado 20Mbps - Platino - Tipo 1 - 11 Mes",null,11,"mes",650000,7150000,4316,null,"1.13 - Enlace dedicado 20Mbps - Platino - Tipo 1 - 11 Mes",null,16,"mes",650000,10400000,4316]
["Modificación de artículo o servicio",19,"1.170 - Enlace de datos 2 Mbps Región 1y2 2Mbps - Platino - Tipo 2 - 11 Mes",null,11,"mes",480000,5280000,4316,null,"1.170 - Enlace de datos 2 Mbps Región 1y2 2Mbps - Platino - Tipo 2 - 11 Mes",null,16,"mes",480000,7680000,4316]
["Modificación de artículo o servicio",20,"1.230 - Enlace satelital sin reuso 2 Mpbs Región 3 2 Mbps Tecnologia VSAT - Plata - Tipo 2 - 11 Mes",null,11,"mes",1550000,17050000,4316,null,"1.230 - Enlace satelital sin reuso 2 Mpbs Región 3 2 Mbps Tecnologia VSAT - Plata - Tipo 2 - 11 Mes",null,16,"mes",1550000,24800000,4316]
["Modificación de artículo o servicio",21,"1.92 - Enlace dedicado Región 3 4Mbps - Platino - Tipo 2 ",null,11,"mes",505000,5555000,4316,null,"1.92 - Enlace dedicado Región 3 4Mbps - Platino - Tipo 2 ",null,16,"mes",505000,8080000,4316]
["Modificación de artículo o servicio",22,"1.230 - Enlace satelital sin reuso 2 Mpbs Región 3 2 Mbps Tecnologia VSAT - Plata - Tipo 2 - 11 Mes",null,11,"mes",1550000,17050000,4316,null,"1.230 - Enlace satelital sin reuso 2 Mpbs Región 3 2 Mbps Tecnologia VSAT - Plata - Tipo 2 - 11 Mes",null,16,"mes",1550000,24800000,4316]
["Modificación de artículo o servicio",23,"1.93 - Enlace dedicado Región 3 6Mbps - Platino - Tipo 2 - 11 Mes",null,11,"mes",890000,9790000,4316,null,"1.93 - Enlace dedicado Región 3 6Mbps - Platino - Tipo 2 - 11 Mes",null,16,"mes",890000,14240000,4316]
["Modificación de artículo o servicio",24,"1.171 - Enlace de datos 2 Mbps Región 3 2Mbps - Platino - Tipo 2 - 11 Mes",null,11,"mes",480000,5280000,4316,null,"1.171 - Enlace de datos 2 Mbps Región 3 2Mbps - Platino - Tipo 2 - 11 Mes",null,16,"mes",480000,7680000,4316]
["Modificación de artículo o servicio",25,"1.230 - Enlace satelital sin reuso 2 Mpbs Región 3 2 Mbps Tecnologia VSAT - Plata - Tipo 2 - 11 Mes",null,11,"mes",1550000,17050000,4316,null,"1.230 - Enlace satelital sin reuso 2 Mpbs Región 3 2 Mbps Tecnologia VSAT - Plata - Tipo 2 - 11 Mes",null,16,"mes",1550000,24800000,4316]
["Modificación de artículo o servicio",26,"1.13 - Enlace dedicado 20Mbps - Platino - Tipo 1 - 11 Mes",null,11,"mes",650000,7150000,4316,null,"1.13 - Enlace dedicado 20Mbps - Platino - Tipo 1 - 11 Mes",null,16,"mes",650000,10400000,4316]
["Modificación de artículo o servicio",27,"1.93 - Enlace dedicado Región 3 6Mbps - Platino - Tipo 2 - 11 Mes",null,11,"mes",890000,9790000,4316,null,"1.93 - Enlace dedicado Región 3 6Mbps - Platino - Tipo 2 - 11 Mes",null,16,"mes",890000,14240000,4316]
["Modificación de artículo o servicio",28,"1.167 - Enlace de datos 1 Mbps Región 1y2 1Mbps - Platino - Tipo 2 - 11 Mes",null,11,"mes",415000,4565000,4316,null,"1.167 - Enlace de datos 1 Mbps Región 1y2 1Mbps - Platino - Tipo 2 - 11 Mes",null,16,"mes",415000,6640000,4316]
["Modificación de artículo o servicio",29,"1.11 - Enlace dedicado 6Mbps - Platino - Tipo 1 - 11 Mes",null,11,"mes",750000,{"$f":"ROUND(E68*G68, 2)","v":8250000},4316,null,{"$f":"C68","v":"1.11 - Enlace dedicado 6Mbps - Platino - Tipo 1 - 11 Mes"},null,16,"mes",750000,{"$f":"ROUND(M68*O68, 2)","v":12000000},4316]
["Modificación de artículo o servicio",30,"1.169 - Enlace de datos 1 Mbps Región 4 1Mbps - Platino - Tipo 2 - 11 Mes",null,11,"mes",415000,4565000,4316,null,"1.169 - Enlace de datos 1 Mbps Región 4 1Mbps - Platino - Tipo 2 - 11 Mes",null,16,"mes",415000,6640000,4316]
["Modificación de artículo o servicio",31,"1.101 - Enlace dedicado Región 4 4Mbps - Plata - Tipo 2 - 11 Mes",null,11,"mes",675000,7425000,4316,null,"1.101 - Enlace dedicado Región 4 4Mbps - Plata - Tipo 2 - 11 Mes",null,16,"mes",675000,10800000,4316]
["Modificación de artículo o servicio",32,"1.235 - Enlace satelital sin reuso 4 Mpbs Región 4 4 Mbps Tecnologia VSAT - Platino - Tipo 2 - 11 Me",null,11,"mes",1755000,19305000,4316,null,"1.235 - Enlace satelital sin reuso 4 Mpbs Región 4 4 Mbps Tecnologia VSAT - Platino - Tipo 2 - 11 Me",null,16,"mes",1755000,28080000,4316]
["Modificación de artículo o servicio",33,"1.101 - Enlace dedicado Región 4 4Mbps - Oro - Tipo 2 - 11 Mes",null,11,"mes",675000,7425000,4316,null,"1.101 - Enlace dedicado Región 4 4Mbps - Oro - Tipo 2 - 11 Mes",null,16,"mes",675000,10800000,4316]
["Modificación de artículo o servicio",34,"1.235 - Enlace satelital sin reuso 4 Mpbs Región 4 4 Mbps Tecnologia VSAT - Plata - Tipo 2 - 11 Mes 11",null,11,"mes",1755000,19305000,4316,null,"1.235 - Enlace satelital sin reuso 4 Mpbs Región 4 4 Mbps Tecnologia VSAT - Plata - Tipo 2 - 11 Mes 11",null,16,"mes",1755000,28080000,4316]
["Modificación de artículo o servicio",35,"1.101 - Enlace dedicado Región 4 4Mbps - Plata - Tipo 2 - 11 Mes",null,11,"mes",675000,7425000,4316,null,"1.101 - Enlace dedicado Región 4 4Mbps - Plata - Tipo 2 - 11 Mes",null,16,"mes",675000,10800000,4316]
["Modificación de artículo o servicio",36,"1.92 - Enlace dedicado Región 3 4Mbps - Platino - Tipo 2 - 11 Mes",null,11,"mes",675000,7425000,4316,null,"1.92 - Enlace dedicado Región 3 4Mbps - Platino - Tipo 2 - 11 Mes",null,16,"mes",675000,10800000,4316]
["Modificación de artículo o servicio",37,"1.92 - Enlace dedicado Región 3 4Mbps - Platino - Tipo 2 - 11 Mes",null,11,"mes",505000,5555000,4316,null,"1.92 - Enlace dedicado Región 3 4Mbps - Platino - Tipo 2 - 11 Mes",null,16,"mes",505000,8080000,4316]
["Modificación de artículo o servicio",38,"1.231 - Enlace satelital sin reuso 2 Mpbs Región 4 2 Mbps Tecnologia VSAT - Platino - Tipo 2 - 11 Mes",null,11,"mes",3650000,40150000,4316,null,"1.231 - Enlace satelital sin reuso 2 Mpbs Región 4 2 Mbps Tecnologia VSAT - Platino - Tipo 2 - 11 Mes",null,16,"mes",3650000,58400000,4316]
["Modificación de artículo o servicio",39,"1.231 - Enlace satelital sin reuso 2 Mpbs Región 4 2 Mbps Tecnologia VSAT - Platino - Tipo 2 - 11 Mes",null,11,"mes",3650000,40150000,4316,null,"1.231 - Enlace satelital sin reuso 2 Mpbs Región 4 2 Mbps Tecnologia VSAT - Platino - Tipo 2 - 11 Mes",null,16,"mes",3650000,58400000,4316]
["Modificación de artículo o servicio",40,"1.93 - Enlace dedicado Región 3 6Mbps - Platino - Tipo 2 - 11 Mes",null,11,"mes",890000,9790000,4316,null,"1.93 - Enlace dedicado Región 3 6Mbps - Platino - Tipo 2 - 11 Mes",null,16,"mes",890000,14240000,4316]
["Modificación de artículo o servicio",41,"1.170 - Enlace de datos 2 Mbps Región 1y2 2Mbps - Platino - Tipo 2 - 11 Mes",null,11,"mes",480000,5280000,4316,null,"1.170 - Enlace de datos 2 Mbps Región 1y2 2Mbps - Platino - Tipo 2 - 11 Mes",null,16,"mes",480000,7680000,4316]
["Modificación de artículo o servicio",42,"1.231 - Enlace satelital sin reuso 2 Mpbs Región 4 2 Mbps Tecnologia VSAT - Plata - Tipo 2 - 11 Mes",null,11,"mes",3650000,40150000,4316,null,"1.231 - Enlace satelital sin reuso 2 Mpbs Región 4 2 Mbps Tecnologia VSAT - Plata - Tipo 2 - 11 Mes",null,16,"mes",3650000,58400000,4316]
["Modificación de artículo o servicio",43,"1.231 - Enlace satelital sin reuso 2 Mpbs Región 4 2 Mbps Tecnologia VSAT - Plata - Tipo 2 - 11 Mes",null,11,"mes",3650000,40150000,4316,null,"1.231 - Enlace satelital sin reuso 2 Mpbs Región 4 2 Mbps Tecnologia VSAT - Plata - Tipo 2 - 11 Mes",null,16,"mes",3650000,58400000,4316]
["Modificación de artículo o servicio",44,"1.92 - Enlace dedicado Región 3 4Mbps - Oro - Tipo 2 - 11 Mes",null,11,"mes",505000,5555000,4316,null,"1.92 - Enlace dedicado Región 3 4Mbps - Oro - Tipo 2 - 11 Mes",null,16,"mes",505000,8080000,4316]
["Modificación de artículo o servicio",45,"1.211 - DNS - Platino - Tipo 2 - 11 Mes",null,11,"mes",0,0,4316,null,"1.211 - DNS - Platino - Tipo 2 - 11 Mes",null,16,"mes",0,0,4316]
["Modificación de artículo o servicio",46,"2.0 - Migración de Servicios - Platino - Tipo 1 - 1000 hora",null,1000,"hora",0,0,4316,null,"2.0 - Migración de Servicios - Platino - Tipo 1 - 1000 hora",null,1000,"hora",0,0,4316]
["Modificación de artículo o servicio",47,"2.3 - Experto TI Tipo 3 - Platino - Tipo 1 - 1000 hora",null,1000,"hora",0,0,4316,null,"2.3 - Experto TI Tipo 3 - Platino - Tipo 1 - 1000 hora",null,1000,"hora",0,0,4316]
["Modificación de artículo o servicio",48,"2.3 - Experto TI Tipo 3 - Platino - Tipo 1 - 1500 hora",null,1500,"hora",0,0,4316,null,"2.3 - Experto TI Tipo 3 - Platino - Tipo 1 - 1500 hora",null,1500,"hora",0,0,4316]
["Modificación de artículo o servicio",49,"Instalación",null,1,"unidad",0,0,4316,null,"Instalación",null,1,"unidad",0,0,4316]
["Modificación de artículo o servicio",52,"3258- traslado canal dedicado externo region 3- Nivel Platino",null,1,"unidad",5000000,5000000,4316,null,"3258- traslado canal dedicado externo region 3- Nivel Platino",null,1,"unidad",5000000,5000000,4316]
["Modificación de artículo o servicio",53,"3258- traslado canal dedicado externo region 3- Nivel Platino",null,1,"unidad",2000000,2000000,4316,null,"3258- traslado canal dedicado externo region 3- Nivel Platino",null,1,"unidad",2000000,2000000,4316]
[]
[null,null,null,null,null,null,"Cantidad de celdas a agregar:"]
[]
[]
["Sección 5: Resultados de la modificación"]
[]
["Número de la línea según O.C.","Nombre del artículo",null,null,null,"Valores actuales",null,null,"Nuevos valores"]
[null,"Valor de la línea IVA en la Orden de Compra:",null,null,null,{"$f":"ROUND(M98, 2)","v":87002080},null,null,126548480,null,null,null,87002080]
[null,"Valor de la línea AIU en la Orden de Compra:"]
[null,"Valor de la línea gravámenes adicionales en la Orden de Compra:"]
[]
[null,null,null,null,null,null,null,null,null,null,null,"2016-12-06"]
[]
[]
[null,"Firma ordenador del gasto",null,null,null,null,"Firma de Proveedor",null,null,null,null,"Fecha de elaboración"]
[]
["Nombre:","JESUS ALBERTO NAMEN CHAVARRO",null,null,null,"Nombre:","GERMAN DE JESUS GARCIA",null,null,null,"Las partes manifestamos que este mismo documento se cargará en la plataforma en formato Excel (.xlsm) y los cambios se pueden validar con el mismo."]
["Documento de Identidad:",77170035,null,null,"Documento de Identidad:",null,70161019]

{"sheet":"Instructivo de Diligenciamiento","index":1,"n_rows":4,"n_cols":2,"rows_kept":4,"cut":false,"hidden":false,"merged":[[3,1,82,10]]}
[]
[]
[]
[null,"Instrucciones de diligenciamiento:\n\nColombia Compra Eficiente ha diseñado este formato para que las Entidades Compradoras puedan realizar aclaraciones, modificaciones, cancelaciones o terminaciones y liquidaciones de las Órdenes de Compra que estén en ejecución y vigentes, o ejecutadas. Para ello debe indicar:\n\nDatos generales: Datos básicos como número de la Orden de Compra que requiere cambiar, número consecutivo de solicitud tenga en cuenta que la primera solicitud corresponderá a la número “1”, nombre de la Entidad Compradora, nombre de la persona que solicita las acciones, celular o número de teléfono y extensión, NIT de la Entidad Compradora y el nombre del Proveedor que ejecuta la Orden de Compra.\n\nSección 1. Tipo de acción: Las Entidades pueden solicitar cuatro tipos de acciones respecto de las Órdenes de Compra:\n\n(i) Aclaraciones: Son las indicaciones de cambio de información que no afectan el plazo, el valor o las condiciones contractuales de las Órdenes de Compra como: redacción en las condiciones de entrega, errores de digitación  o rectificación de la fecha de vencimiento. Estas aclaraciones no requieren de la aceptación del Proveedor. Sin embargo una vez realizada la aclaración en la Orden de Compra, la Entidad Compradora debe notificarle al Proveedor el cambio. \n\n(ii) Modificaciones: Son indicaciones de cambio en aumento o disminución de valor o plazo,  aumento o disminución de los bienes o servicios solicitados, cambios en las condiciones de ejecución o datos que afecten la ejecución de la Orden de Compra. Solo en los casos de cambio de supervisor y datos de notificación como dirección o teléfono se puede omitir la firma del Proveedor. Sin embargo una vez realizada la modificación, la Entidad Compradora debe notificarle al Proveedor el cambio.\n\n(iii) Cancelación: Es la manifestación de la Entidad de no iniciar la ejecución de la Orden de Compra la cual también debe ser aceptada por el Proveedor.\n\n(iv) Terminación y Liquidación: Este tipo de acción es mediante la cual una Entidad Compradora formaliza la terminación y liquidación de las obligaciones derivadas de la Orden de Compra y así establece las acreencias pendientes a favor o en contra de cada parte de la Orden de Compra, también sirve para aclarar la ejecución de la misma o realizar la terminación anticipada en caso de que las partes así lo deseen. Este tipo de acción se debe aplicar dentro de los términos establecidos en cada Acuerdo Marco de Precios, para lo cual se requiere la solicitud por parte de la Entidad Compradora firmada por el Ordenador del Gasto y el representante legal del Proveedor, así como el informe del supervisor de la Orden de Compra. \n\nSección 2.  Justificación: Las razones de la realización del cambio de la Orden de Compra.\n\nSección 3. Modificación información general: la idea en esta sección es indicar cuales son los datos de información general de la orden de compra que requiere cambiar\n\nSección 4. Modificación de artículos o servicios: esta sección unicamente aplica en caso de que la acción a realizar sea modificar o terminar y liquidar la orden de compra, allí deberá indicar el tipo de midificación que desea realizar e ingresar o modificar los articulos que desea ajustar. Al momento de diligenciar esta sección tenga en cuenta las siguientes recomendaciones:\n\n(i) Las correcciones en el plazo de ejecución son diferentes a las modificaciones en el plazo, ejemplo: la Entidad Compradora adquirió elementos con tres entregas parciales pero digitó como fecha final de la Orden de Compra la fecha de la primera entrega, para corregir esto la Entidad Compradora selecciona en tipo de acción: aclaración y en el campo de fecha de vencimiento indica la fecha correcta. En el caso que fuera cambio de fecha fin, ejemplo: prorrogar o disminuir varios meses la ejecución de la Orden de Compra se utiliza en tipo de acción: modificación.\n\n(ii) para la realización de las modificaciones tenga en cuenta las secciones de modificación de cada una de las guías de compra\n\n(iii) los valores y cantidades solo pueden tener hasta dos decimales.\n\n(iv) la decisión de modificar, adicionar o combinar las dos opciones dependerá de las necesidades de cada Entidad Compradora, ejemplo si es un servicio y adicionalmente solo requiere modificar “cantidad” se recomienda seleccionar “modificación de artículo”, cuando son bienes puede modificar cualquiera de los demás campos.\n\n(v) si requiere cambio de condiciones de un servicio ya ejecutado se recomienda modificar la línea para que se refleje la parte ejecutada y adicionar una nueva línea para las nuevas condiciones del servicio que va a ejecutar.\n\nSección 5. Resultados de la modificación: La entidad siempre debe indicar en el recuadro el valor total del IVA, AIU, gravámenes adicionales, estos campos serán los valores finales que quedarán en la Orden de Compra después de la modificación, tenga en cuenta que el campo de IVA no aplica para algunos AMP como: papelería, vehículos y SOAT y que el campo de AIU solo aplica para aseo y cafetería.\n\nFirmas del documento: El ordenador del gasto de la Entidad Compradora debe firmar el documento y enviarlo al Proveedor para que lo acepte y firme, en caso de que así se requiera. El documento firmado debe ser enviado a través del aplicativo dispuesto por   Colombia Compra Eficiente para realizar las acciones solicitadas.\n\nFecha de elaboración del documento: Corresponde a la fecha en la que la Entidad Compradora y el Proveedor llegaron a un acuerdo para realizar las acciones y se suscribe el documento, recuerde que: (i) para poder realizar modificaciones en las Órdenes de Compra las mismas se deben acordar dentro de la vigencia de la Orden de Compra, (ii) Las órdenes de compra no se podrán modificar si ya se encuentran vencidas, (iii) Se da por realizada la modificación o acción que requiera realizar la Entidad, desde le momento en que las partes la firmen. Colombia Compra Eficiente lo único que realiza en la Tienda Virtual es el proceso de publicación de la modificación o ajuste que las partes hayan acordado a través de la firma de este documento. \n\nSi la Entidad Compradora requiere agregar archivos que estén relacionados con las acciones a realizar como: copia del CDP y/o aprobación de Vigencia Futura (VF) que soporta la adición, soportes documentales, correos, cartas, etc... debe publicarlos junto con el documento de modificación suscrito en un único archivo .Pdf con alta resolución de escaneo, si el documento no es legible se tomaran los cambios contenidos en el formato Excel, tenga en cuenta que Colombia Compra Eficiente únicamente publicará las modificaciones especificadas en el formato enviado por el aplicativo.\n\n"]

{"sheet":"Listas","index":2,"n_rows":5,"n_cols":3,"rows_kept":5,"cut":false,"hidden":true,"merged":[]}
["TipoDeModificacion",null,"Modificacion"]
["Modificación de la Orden de Compra",null,"Modificación de artículo o servicio"]
["Aclaración a la Orden de Compra",null,"Agregar nuevo artículo o servicio"]
["Cancelación de la Orden de Compra",null,"Eliminar artículo o servicio"]
["Terminación y Liquidación de la Orden de Compra",null,"Ninguna"]